| 000 | 01570 a2200253 4500 | ||
|---|---|---|---|
| 001 | 44928 | ||
| 005 | 20260407155724.0 | ||
| 008 | 260407a2009 arg spa d | ||
| 003 | AR-UNSa-BCEJYS | ||
| 040 |
_aAR-UNSa-BCEJYS _bspa _cAR-UNSa-BCEJYS |
||
| 080 |
_a331-053.2 _xTrabajo Infantil |
||
| 245 | 1 | 0 | _aManual para la constitución del observatorio regional sobre trabajo infantil y adolescente |
| 264 | 1 |
_aBuenos Aires : _bObservatorio de Trabajo Infantil y Adolescente _c2009 |
|
| 300 |
_a75 p. _c29 cm. |
||
| 505 | _a1. Programa Conjunto de Apoyo al Plan Nacional para la Prevención y Erradicación del Trabajo Infantil - 2. Comisión Nacional para la Erradicación del Trabajo Infantil-CONAETI - 3. Comisión Provincial para la Erradicación del Trabajo Infantil-COPRETI - 4. Observatorio Nacional de Trabajo Infantil y Adolescentes-OTIA - 5. Sistema integral de información permanente sobre trabajo infantil - 6. Constitución de Observatorios Regionales/Provinciales de Trabajo Infantil y Adolescentes-OPTIA - 7. Pasos pasa la creación del OPTIA - 8. Líneas de acción del OPTIA - 9. El/la administrador/a del OPTIA. | ||
| 041 | _aspa | ||
| 942 | _cBK | ||
| 590 | _aniveau_biblio:m niveau_hierar:0 | ||
| 100 | 1 | _aComisión Nacional para la Erradicación del Trabajo Infantil (CONAETI) | |
| 700 | 1 | _aArgentina. Ministerio de Trabajo, Empleo y Seguridad Social | |
| 700 | 1 | _aUNICEF | |
| 700 | 1 | _aOrganización Internacional del Trabajo (OIT) | |
| 856 | 4 | 1 |
_uhttps://www.biblioeco.unsa.edu.ar/pmb/images/libros/L127051.jpg _yImagen de portada _qimage/jpeg |
| 999 |
_c3867 _d3867 |
||